Анна Голубкина: личность, эпоха, скульптура; Несколько слов о ремесле скульптора

التفاصيل البيبلوغرافية
المؤلف الرئيسي: Каменский А. А. Александр Абрамович
اللغة:الروسية
منشور في: Москва, Изобразит. искусство, 1990
Copublished:А. С. Голубкина. Несколько слов о ремесле скульптора
الموضوعات:
التنسيق: كتاب
KOHA link:https://koha.lib.tpu.ru/cgi-bin/koha/opac-detail.pl?biblionumber=196605

MARC

LEADER 00000nam0a2200000 4500
001 196605
005 20231101224713.0
010 |a 5852000256 
020 |a RU  |b 90-67622 
035 |a (RuTPU)RU\TPU\book\214477 
090 |a 196605 
100 |a 20110526d1990 km y0rusy5003 ca 
101 0 |a rus 
102 |a RU 
105 |a a z 001zb 
200 1 |a Анна Голубкина: личность, эпоха, скульптура  |f А. А. Каменский 
210 |a Москва  |c Изобразит. искусство  |d 1990 
215 |a 461,[1] с.  |c ил., факс.  |d 25 см 
320 |a Библиогр.: с. 393-397. Библиогр. в примеч.: с. 363-385. 
320 |a Список скульптур. произведений А. С. Голубкиной: с. 398-435. 
423 |t Несколько слов о ремесле скульптора   |f А. С. Голубкина  |a Голубкина, Анна Семеновна 
600 1 |a Голубкина  |b А. С.  |c российский скульптор  |f 1864-1927  |g Анна Семеновна  |2 stltpush  |3 (RuTPU)RU\TPU\pers\11984  |9 3092 
610 1 |a скульптура 
610 1 |a Россия 
610 1 |a СССР 
610 1 |a 19 век 
610 1 |a 20 век 
610 1 |a история 
610 1 |a биографии 
610 1 |a творчество 
675 |a 73.071(092)  |z rus  |v 3 
700 1 |a Каменский  |b А. А.  |g Александр Абрамович  |4 070 
801 0 |a RU  |b RuMRKP  |c 19950417  |g psbo 
801 1 |a RU  |b 63413507  |c 20110526 
801 2 |a RU  |b 63413507  |c 20110530  |g RCR 
942 |c BK